Tempe restord : A masque presented by the Queene, and foureteene ladies, to the Kings Maiestie at Whitehall on Shrove-Tuesday. 1631.

Bibliographic Details
Main Authors: Townshend, Aurelian, fl. 1601-1643, Jones, Inigo, 1573-1652 (Author)
Other Authors: Beaujoyeulx, Baltasar de, d. ca. 1587
Format: eBook
Language:English
Published: London : Printed by A[ugustine] M[athewes] for Robert Allet [id est Allot], and George Bakek [id est Baker], 1631 [id est 1632]
Series:Early English books online.
Subjects:
Online Access:Connect to the full text of this electronic book

MARC

Tag First Indicator Second Indicator Subfields
LEADER 00000nam a2200000 4500
001 in00004218921
005 20200807081846.0
006 m g d
007 cr bn |||a|bb|
008 920629s1632 enk o 00| | eng d
035 |a (UnM)99853706 
037 |a CL0036000026  |b ProQuest. 789 E. Eisenhower Parkway, Ann Arbor, MI 48108-3218 
040 |a Cu-RivES  |c Cu-RivES  |d CStRLIN  |e dcrb  |d WaOLN 
100 1 |a Townshend, Aurelian,  |d fl. 1601-1643. 
245 1 0 |a Tempe restord :  |b A masque presented by the Queene, and foureteene ladies, to the Kings Maiestie at Whitehall on Shrove-Tuesday. 1631. 
260 |a London :  |b Printed by A[ugustine] M[athewes] for Robert Allet [id est Allot], and George Bakek [id est Baker],  |c 1631 [id est 1632] 
300 |a 1 online resource ([2], 19, [1] pages) 
336 |a text  |b txt  |2 rdacontent 
337 |a computer  |b c  |2 rdamedia 
338 |a online resource  |b cr  |2 rdacarrier 
500 |a The songs are by Aurelian Townshend, whose name appears on C3r. The rest is by Inigo Jones, with portions derived from: Beaujoyeulx, Baltasar de. Balet comique de la royne. 
500 |a In verse. 
500 |a Printer's name from STC. 
500 |a The play was performed on 14 Feb. 1632. 
500 |a The last leaf is blank. 
500 |a Quire B comes in three states involving rearrangement and some resetting of type. See "Aurelian Townshend's poems and masks" (edition E.K. Chambers), pages 118-9. 
500 |a Reproduction of the original in the Folger Shakespeare Library. 
510 4 |a STC (2nd edition)  |c 24156. 
510 3 |a Greg, II, 454. 
533 |a Electronic reproduction.  |b Ann Arbor, Mich. :  |c UMI,  |d 1999-  |f (Early English books online)  |n Digital version of: (Early English books, 1475-1640 ; 978:16)  |7 s1999 miun s 
650 0 |a Masques  |v Early works to 1800. 
700 1 |a Jones, Inigo,  |d 1573-1652.  |4 aut 
700 1 |a Beaujoyeulx, Baltasar de,  |d d. ca. 1587.  |t Balet comique de la royne. 
730 0 |a Balet comique de la royne. 
830 0 |a Early English books online. 
856 4 0 |u http://proxy.library.tamu.edu/login?url=https://search.proquest.com/docview/2240896298  |z Connect to the full text of this electronic book  |t 0 
999 f f |s 937c401c-4916-362c-879b-5d0ab96f3ae4  |i 19a7027d-e24b-3bd3-8b63-dfcbcd7cda93  |t 0 
952 f f |a Texas A&M University  |b College Station  |c Electronic Resources  |d Available Online  |t 0  |h No information provided 
998 f f |t 0  |l Available Online